University of benin law journal (Record no. 38760)

MARC details
000 -LEADER
fixed length control field 00375nam a2200145Ia 4500
022 ## - INTERNATIONAL STANDARD SERIAL NUMBER
ISSN 11178035
245 #0 - TITLE STATEMENT
Title University of benin law journal
260 ## - PUBLICATION, DISTRIBUTION, ETC. (IMPRINT)
Place of publication Benin, Edo state
260 ## - PUBLICATION, DISTRIBUTION, ETC. (IMPRINT)
Name of publisher Development Universal Consortia
260 ## - PUBLICATION, DISTRIBUTION, ETC. (IMPRINT)
Year of publication 2010/-2012
300 ## - PHYSICAL DESCRIPTION
Number of Pages viii, 399 p. ; 21 cm.
942 ## - ADDED ENTRY ELEMENTS (KOHA)
Koha item type Serials

No items available.